Statistics for FIFA 21 Headliners

Click here to take the quiz!

General Stats

  • This quiz has been taken 55 times
  • The average score is 14 of 26

Answer Stats

Base RatingClubPlayer% Correct
89Tottenham HotspurHeung-Min Son
93%
92Real MadridKarim Benzema
89%
91Manchester UnitedBruno Fernandes
85%
89Borussia DortmundErling Haaland
85%
87Crystal PalaceWilfried Zaha
67%
86RangersJames Tavernier
63%
87Real SociedadMikel Oyarzabal
63%
87AC MilanTheo Hernandez
59%
88LiverpoolFabinho
56%
87Bayern MunichLeon Goretzka
56%
88LazioSergej Milinkovic-Savic
56%
87AS MonacoWissam Ben Yedder
56%
85SouthamptonDanny Ings
52%
86LilleJonathan Bamba
52%
84Hertha BerlinMatheus Cunha
52%
87Manchester CityRiyad Mahrez
52%
86Atletico MadridJoao Felix
48%
84MarseilleJordan Amavi
48%
86SevillaDiego Carlos
41%
86AS RomaHenrikh Mkhitaryan
41%
87NapoliHirving Lozano
41%
86Bayer LeverkusenLukas Hradecky
41%
85FrankfurtMartin Hinteregger
41%
84PSGRafinha
41%
84RB LeipzigDayot Upamecano
37%
84LyonKarl Toko-Ekambi
33%

Score Distribution

Percentile by Number Answered

Percent of People with Each Score

Your Score History

You have not taken this quiz